[Event "Landesliga Sued 1819"]
[Site "Bayern"]
[Date "2019.03.24"]
[Round "8.4"]
[White "Herb, Stefan"]
[Black "Kern, Johannes"]
[Result "1/2-1/2"]
[WhiteElo "2133"]
[BlackElo "2156"]
[PlyCount "72"]
[EventDate "2018.10.21"]
[EventType "team-tourn"]
[EventRounds "9"]
[EventCountry "GER"]
[SourceTitle "EXT 2022"]
[Source "ChessBase"]
[SourceDate "2021.10.06"]
[SourceVersion "1"]
[SourceVersionDate "2021.10.06"]
[SourceQuality "1"]
[WhiteTeam "Haunstetten TSV"]
[BlackTeam "Trostberg TSV"]
[WhiteTeamCountry "GER"]
[BlackTeamCountry "GER"]

1. e4 d6 2. d4 Nf6 3. Nc3 e5 4. dxe5 dxe5 5. Qxd8+ Kxd8 6. f3 Be6 7. Bg5 Nbd7 8. 0-0-0 Kc8 9. Kb1 h6 10. Bh4 a6 11. Nge2 Be7 12. Be1 Nc5 13. h4 b5 14. Nc1 Kb7 15. g4 Rad8 16. Rxd8 Rxd8 17. Nd3 Nxd3 18. Bxd3 Nd7 19. Bg3 f6 20. Rd1 Nb6 21. b3 c5 22. Be2 Rxd1+ 23. Nxd1 c4 24. Ne3 Bc5 25. Nf5 cxb3 26. cxb3 g6 27. Nxh6 Be3 28. g5 fxg5 29. hxg5 Bxg5 30. Ng4 Bf4 31. Bf2 Kc6 32. Kc2 a5 33. Nf6 Bg5 34. Ng4 Bf4 35. Nf6 Bg5 36. Ng4 Bf4 1/2-1/2

[Event "Landesliga Sued 1819"]
[Site "Bayern"]
[Date "2018.11.25"]
[Round "3.3"]
[White "Bensch, Patrick"]
[Black "Herb, Stefan"]
[Result "1/2-1/2"]
[WhiteElo "2169"]
[BlackElo "2133"]
[PlyCount "120"]
[EventDate "2018.10.21"]
[EventType "team-tourn"]
[EventRounds "9"]
[EventCountry "GER"]
[SourceTitle "EXT 2022"]
[Source "ChessBase"]
[SourceDate "2021.10.06"]
[SourceVersion "1"]
[SourceVersionDate "2021.10.06"]
[SourceQuality "1"]
[WhiteTeam "Rottal Inn"]
[BlackTeam "Haunstetten TSV"]
[WhiteTeamCountry "GER"]
[BlackTeamCountry "GER"]

1. e4 c6 2. d4 d5 3. e5 Bf5 4. Nf3 e6 5. Be2 Ne7 6. 0-0 Nd7 7. Nh4 Bg6 8. Nd2 c5 9. c3 Nc6 10. Nxg6 hxg6 11. Nf3 cxd4 12. cxd4 Be7 13. a3 a6 14. b4 b5 15. a4 Rb8 16. axb5 axb5 17. Bd2 Qb6 18. Bc3 0-0 19. Qb3 Ra8 20. Ra3 Rxa3 21. Qxa3 Rc8 22. Ra1 Ndb8 23. h3 Rc7 24. Qb2 Na6 25. Qd2 Ra7 26. Ng5 Nc7 27. Rc1 Na6 28. Qf4 Bxg5 29. Qxg5 Rc7 30. Ra1 Ra7 31. Qd2 Nc7 32. Rc1 Na6 33. h4 Rb7 34. Bd3 Qd8 35. Ra1 Nc7 36. g3 Ra7 37. Rc1 Ne7 38. Qg5 Nc6 39. Qxd8+ Nxd8 40. Bd2 Kf8 41. Bg5 Ke8 42. Rc5 Rb7 43. Kf1 Kd7 44. Bxd8 Kxd8 45. Ke2 Ra7 46. Bxb5 Ra2+ 47. Ke3 Rb2 48. Bd3 Rxb4 49. f4 Rb2 50. Rc2 Rxc2 51. Bxc2 Nb5 52. Bd3 Na7 53. g4 Ke7 54. Kd2 Kd7 55. Kc3 Kc6 56. f5 gxf5 57. gxf5 Nb5+ 58. Bxb5+ Kxb5 59. f6 g6 60. Kb3 Ka5 1/2-1/2

[Event "Landesliga Sued 1718"]
[Site "Bayern"]
[Date "2018.02.25"]
[Round "7.6"]
[White "Herb, Stefan"]
[Black "Giss, Arthur"]
[Result "1-0"]
[WhiteElo "2138"]
[BlackElo "2056"]
[PlyCount "129"]
[EventDate "2017.10.22"]
[EventType "team-tourn"]
[EventRounds "9"]
[EventCountry "GER"]
[SourceTitle "EXT 2022"]
[Source "ChessBase"]
[SourceDate "2021.10.06"]
[SourceVersion "1"]
[SourceVersionDate "2021.10.06"]
[SourceQuality "1"]
[WhiteTeam "Haunstetten TSV"]
[BlackTeam "Dillingen"]
[WhiteTeamCountry "GER"]
[BlackTeamCountry "GER"]

1. Nf3 Nf6 2. g3 e6 3. c4 d5 4. Bg2 Be7 5. 0-0 0-0 6. b3 c6 7. Bb2 Nbd7 8. d3 b6 9. Nbd2 Bb7 10. Rc1 c5 11. cxd5 Nxd5 12. Ne4 Rc8 13. Qd2 Rc7 14. Nc3 Qa8 15. Nxd5 Bxd5 16. Qf4 Rcc8 17. Rfd1 Bf6 18. Rd2 Rfe8 19. h4 Rcd8 20. Ne1 e5 21. Bxd5 Qxd5 22. Qc4 Nf8 23. Qxd5 Rxd5 24. e4 Rd6 25. Kf1 Nd7 26. Ng2 g6 27. Ne3 Bg7 28. Nc4 Rde6 29. Rdc2 Rd8 30. Ke2 Nb8 31. Bc3 Nc6 32. a4 f6 33. Rd1 Kf7 34. Ne3 Ne7 35. Nc4 Nc6 36. Ne3 Ne7 37. b4 cxb4 38. Bxb4 Nc6 39. Bc3 Bf8 40. Nd5 Rc8 41. Rdc1 Bc5 42. f4 Ba3 43. Bb2 Bxb2 44. Rxb2 Nd4+ 45. Kd1 Rxc1+ 46. Kxc1 f5 47. a5 b5 48. exf5 gxf5 49. Kd1 exf4 50. gxf4 a6 51. Nb4 Rd6 52. Kd2 Re6 53. Kc3 Ne2+ 54. Kb3 Ke7 55. Rb1 Nxf4 56. Rc1 Rh6 57. Rc7+ Kd8 58. Ra7 Rxh4 59. Rxa6 Rh3 60. Rf6 Ne2 61. a6 Nc1+ 62. Kc2 Kc7 63. Kxc1 Rh4 64. a7 Kb7 65. Ra6 1-0

[Event "Landesliga Sued 1718"]
[Site "Bayern"]
[Date "2017.11.12"]
[Round "2.4"]
[White "Herb, Stefan"]
[Black "Reinhard, Chetan"]
[Result "0-1"]
[WhiteElo "2138"]
[BlackElo "2093"]
[PlyCount "132"]
[EventDate "2017.10.22"]
[EventType "team-tourn"]
[EventRounds "9"]
[EventCountry "GER"]
[SourceTitle "EXT 2022"]
[Source "ChessBase"]
[SourceDate "2021.10.06"]
[SourceVersion "1"]
[SourceVersionDate "2021.10.06"]
[SourceQuality "1"]
[WhiteTeam "Haunstetten TSV"]
[BlackTeam "Muenchen Tarrasch"]
[WhiteTeamCountry "GER"]
[BlackTeamCountry "GER"]

1. e4 e5 2. Nf3 Nc6 3. Bb5 d6 4. d4 exd4 5. Nxd4 Bd7 6. c4 Ne5 7. Bxd7+ Qxd7 8. b3 Nf6 9. Nc3 a6 10. 0-0 Be7 11. Bb2 0-0-0 12. Rc1 Qg4 13. f3 Qd7 14. Nf5 g6 15. Nxe7+ Qxe7 16. Nd5 Nxd5 17. cxd5 Rhe8 18. Qd4 Kb8 19. a4 f5 20. Rce1 f4 21. b4 Qd7 22. b5 axb5 23. Ra1 b6 24. Rfb1 Kb7 25. Bc1 bxa4 26. Bxf4 Ra8 27. Rb4 a3 28. Qc3 a2 29. Rb2 Ra4 30. Rbxa2 Rxa2 31. Rxa2 Qb5 32. Rc2 Qc5+ 33. Be3 Qxc3 34. Rxc3 Ra8 35. h3 Ra2 36. Bd4 b5 37. Rb3 Ka6 38. f4 Nd7 39. e5 dxe5 40. fxe5 Nb6 41. Bxb6 Kxb6 42. Re3 Kc5 43. e6 Ra8 44. e7 Re8 45. Rc3+ Kd6 46. Rc6+ Kd7 47. Kf2 Rxe7 48. Rc5 b4 49. Rb5 Kd6 50. Kf3 Re5 51. Rxb4 Kxd5 52. Rb7 Kd6 53. Kf4 g5+ 54. Kg4 h6 55. Ra7 c5 56. Ra6+ Kd5 57. Rxh6 c4 58. Ra6 c3 59. Ra2 Kd4 60. h4 gxh4 61. Kxh4 Rc5 62. Ra1 c2 63. Rc1 Kd3 64. g4 Kd2 65. Rxc2+ Rxc2 66. g5 Ke3 0-1

[Event "Landesliga Sued 1617"]
[Site "Bayern"]
[Date "2017.04.02"]
[Round "8.4"]
[White "Herb, Stefan"]
[Black "Bensch, Patrick"]
[Result "1-0"]
[WhiteElo "2099"]
[BlackElo "2149"]
[PlyCount "119"]
[EventDate "2016.10.16"]
[EventType "team-tourn"]
[EventRounds "9"]
[EventCountry "GER"]
[SourceTitle "EXT 2019"]
[Source "ChessBase"]
[SourceDate "2018.10.10"]
[SourceVersion "1"]
[SourceVersionDate "2018.10.10"]
[SourceQuality "1"]
[WhiteTeam "Haunstetten"]
[BlackTeam "Rottal"]
[WhiteTeamCountry "GER"]
[BlackTeamCountry "GER"]

1. e4 c5 2. Nf3 Nc6 3. Bb5 g6 4. Bxc6 bxc6 5. 0-0 Bg7 6. Re1 Nh6 7. d3 0-0 8. c3 f6 9. h3 Nf7 10. Be3 d6 11. d4 cxd4 12. cxd4 Rb8 13. Qd2 Qb6 14. b3 Bd7 15. Nc3 Qb4 16. Rab1 f5 17. exf5 Bxf5 18. Rbc1 e5 19. dxe5 Nxe5 20. Nxe5 Bxe5 21. Bxa7 Ra8 22. Be3 Rfb8 23. Na4 Qxd2 24. Bxd2 Bd7 25. Bc3 Bf4 26. Rcd1 Kf7 27. g3 Bg5 28. Rxd6 Bxh3 29. Rxc6 Rc8 30. Rxc8 Rxc8 31. Re5 Bf6 32. Re3 Bg5 33. Re5 Bf6 34. Re3 Bg5 35. Rd3 Bf5 36. Rd5 Be7 37. Rd2 Bg5 38. f4 Be7 39. Bd4 Rc1+ 40. Kf2 Bb4 41. Re2 Bd3 42. Re5 Rc2+ 43. Ke3 Bf1 44. Bc5 Be1 45. Kf3 Bd2 46. Re7+ Kg8 47. Bd4 Bb4 48. Rg7+ Kf8 49. Rxh7 Bb5 50. Nb6 Rxa2 51. Nd7+ Ke8 52. Nf6+ Kf8 53. Kg4 Be7 54. Kg5 Bd3 55. b4 Rg2 56. g4 Bf5 57. Rxe7 Kxe7 58. Nd5+ Kd6 59. Ne3 Rd2 60. Nc4+ 1-0

[Event "Regionalliga SW 1516"]
[Site "Bayern"]
[Date "2016.01.31"]
[Round "6.5"]
[White "Rajic, Ivica"]
[Black "Herb, Stefan"]
[Result "0-1"]
[WhiteElo "2051"]
[BlackElo "2099"]
[PlyCount "104"]
[EventDate "2015.10.11"]
[EventType "team-tourn"]
[EventRounds "9"]
[EventCountry "GER"]
[SourceTitle "EXT 2018"]
[Source "ChessBase"]
[SourceDate "2017.10.13"]
[SourceVersion "1"]
[SourceVersionDate "2017.10.13"]
[SourceQuality "1"]
[WhiteTeam "Bayern Muenchen III"]
[BlackTeam "Haunstetten"]
[WhiteTeamCountry "GER"]
[BlackTeamCountry "GER"]

1. d4 Nf6 2. Nf3 c5 3. c3 e6 4. Bg5 h6 5. Bxf6 Qxf6 6. Nbd2 cxd4 7. cxd4 Nc6 8. e3 d5 9. a3 Bd6 10. Bb5 Bd7 11. 0-0 0-0 12. Re1 a6 13. Bxc6 Bxc6 14. Rc1 Rac8 15. b4 Bd7 16. Qb3 Rxc1 17. Rxc1 Rc8 18. Rxc8+ Bxc8 19. e4 Qd8 20. e5 Be7 21. Qc3 Bd7 22. g3 Qc8 23. Qb2 Ba4 24. Ne1 b6 25. h4 Qc6 26. f4 Qb5 27. Qc3 Qe2 28. Nef3 Bf8 29. g4 h5 30. g5 g6 31. Nf1 Bb5 32. Ng3 Qd1+ 33. Kf2 Qb1 34. Ke3 Bc4 35. Ne1 Qd1 36. Nf3 Qb1 37. Ne1 Qd1 38. Nf3 Qa4 39. Nd2 Bb5 40. Qb3 a5 41. bxa5 Qxa5 42. Nb1 Bc4 43. Qb2 Qe1+ 44. Kf3 Qd1+ 45. Ke3 Qg4 46. Qh2 b5 47. Nd2 Bxa3 48. Nxc4 bxc4 49. Ne2 Qf5 50. Qh1 Qd3+ 51. Kf2 Bb2 52. Qe1 c3 0-1

[Event "Regionalliga SW 1516"]
[Site "Bayern"]
[Date "2015.12.13"]
[Round "4.6"]
[White "Herb, Stefan"]
[Black "Schmidt, Hans"]
[Result "1-0"]
[WhiteElo "2099"]
[BlackElo "2042"]
[PlyCount "75"]
[EventDate "2015.10.11"]
[EventType "team-tourn"]
[EventRounds "9"]
[EventCountry "GER"]
[SourceTitle "EXT 2018"]
[Source "ChessBase"]
[SourceDate "2017.10.13"]
[SourceVersion "1"]
[SourceVersionDate "2017.10.13"]
[SourceQuality "1"]
[WhiteTeam "Haunstetten"]
[BlackTeam "Garching III"]
[WhiteTeamCountry "GER"]
[BlackTeamCountry "GER"]

1. Nf3 f5 2. e4 fxe4 3. Ng5 Nf6 4. d3 e3 5. Bxe3 e5 6. Nf3 d6 7. Be2 Be7 8. 0-0 0-0 9. d4 e4 10. Nfd2 d5 11. c4 c6 12. Nc3 Be6 13. Rb1 a6 14. Qb3 Qd7 15. Na4 Qc7 16. Nb6 Ra7 17. Rbc1 Qd6 18. f3 exf3 19. Bxf3 Bd8 20. cxd5 cxd5 21. Na4 Bc7 22. g3 Nc6 23. Nc5 Na5 24. Qc3 Bd8 25. Bf4 Qb6 26. b4 Nc4 27. Nxc4 dxc4 28. Nxe6 Qxe6 29. Qxc4 Qxc4 30. Rxc4 b5 31. Rc6 a5 32. Bd6 Re8 33. Bc5 Rd7 34. bxa5 Re3 35. a6 Rc3 36. a7 Rxa7 37. Bxa7 Rxc6 38. Bxc6 1-0

[Event "Regionalliga SW 1415"]
[Site "Bayern"]
[Date "2014.12.07"]
[Round "4.7"]
[White "Herb, Stefan"]
[Black "Brychcy, Felix"]
[Result "1/2-1/2"]
[WhiteElo "2099"]
[BlackElo "1966"]
[PlyCount "81"]
[EventDate "2014.10.19"]
[EventType "team-tourn"]
[EventRounds "9"]
[EventCountry "GER"]
[SourceTitle "EXT 2018"]
[Source "ChessBase"]
[SourceDate "2017.10.13"]
[SourceVersion "1"]
[SourceVersionDate "2017.10.13"]
[SourceQuality "1"]
[WhiteTeam "Haunstetten"]
[BlackTeam "MSA Zugzwang II"]
[WhiteTeamCountry "GER"]
[BlackTeamCountry "GER"]

1. e4 e5 2. Nf3 Nc6 3. Bb5 Nf6 4. d3 Bc5 5. h3 Qe7 6. Nc3 a6 7. Ba4 b5 8. Bb3 Na5 9. Bg5 Bb4 10. Nh4 d6 11. Qf3 h6 12. Bd2 c6 13. Nf5 Bxf5 14. Qxf5 Qd7 15. Qf3 Nh7 16. Qg3 g5 17. h4 f6 18. hxg5 hxg5 19. 0-0-0 0-0-0 20. Rh6 Nxb3+ 21. axb3 Rhg8 22. Rdh1 Rg7 23. Qh3 Qxh3 24. R1xh3 Rdd7 25. Kd1 Bxc3 26. bxc3 d5 27. f3 Rgf7 28. Ke2 Nf8 29. Rh8 Kb7 30. g3 Ne6 31. R3h6 Nf8 32. Bc1 Rh7 33. R6xh7 Nxh7 34. b4 Rf7 35. Be3 Nf8 36. Rh6 Nd7 37. Rh8 Nf8 38. Rh6 Ne6 39. Rh8 Nf8 40. Rh6 Ne6 41. Rh8 1/2-1/2

[Event "Landesliga Sued 1314"]
[Site "Bayern"]
[Date "2014.01.19"]
[Round "5.6"]
[White "Herb, Stefan"]
[Black "Reimann, Robert"]
[Result "0-1"]
[WhiteElo "2133"]
[BlackElo "2193"]
[PlyCount "144"]
[EventDate "2013.10.13"]
[EventType "team-tourn"]
[EventRounds "9"]
[EventCountry "GER"]
[SourceTitle "EXT 2015"]
[Source "ChessBase"]
[SourceDate "2014.11.20"]
[SourceVersion "1"]
[SourceVersionDate "2014.11.20"]
[SourceQuality "1"]
[WhiteTeam "Haunstetten"]
[BlackTeam "Goeggingen"]
[WhiteTeamCountry "GER"]
[BlackTeamCountry "GER"]

1. e4 c5 2. Nf3 d6 3. Bb5+ Bd7 4. Bxd7+ Qxd7 5. c4 Nc6 6. 0-0 g6 7. d4 cxd4 8. Nxd4 Bg7 9. Be3 Nf6 10. f3 0-0 11. Nc3 Rfc8 12. Nde2 Ne5 13. b3 Qd8 14. Qd2 Qa5 15. Rfd1 a6 16. a4 h5 17. Rac1 Kh7 18. Kh1 Re8 19. Nf4 Nfd7 20. Ncd5 Qxd2 21. Rxd2 Rac8 22. Ne2 e6 23. Ndc3 Bf8 24. f4 Ng4 25. Bg1 Nc5 26. Rb1 Nf6 27. e5 dxe5 28. fxe5 Nfe4 29. Nxe4 Nxe4 30. Rd4 Nc5 31. a5 Red8 32. Rf4 Kg8 33. Rd4 Rxd4 34. Nxd4 Bg7 35. Nf3 Nd3 36. Bd4 Nb4 37. Bc3 Nc6 38. Rd1 Rd8 39. Rxd8+ Nxd8 40. Kg1 Kf8 41. Kf2 Bh6 42. Bd2 Bg7 43. Ke3 Bh6+ 44. Ke4 Bg7 45. Kd4 Ke8 46. Kc5 Kd7 47. Kb6 Kc8 48. b4 Nc6 49. Bc3 Bh6 50. b5 Be3+ 51. c5 Ne7 52. Bd4 Nd5+ 53. Ka7 axb5 54. Bxe3 Nxe3 55. Nd4 Nc4 56. Nxb5 Nxa5 57. Nd6+ Kc7 58. Nxf7 Nb3 59. c6 Kxc6 60. Nd8+ Kd5 61. Kxb7 Nd4 62. Kc7 Kxe5 63. Kd7 g5 64. Ke7 g4 65. Nf7+ Kf5 66. Nd6+ Kf4 67. Kf6 h4 68. Kg6 e5 69. Kh5 Nf5 70. Nc4 e4 71. Nb2 g3 72. h3 Ne3 0-1

[Event "Landesliga Sued 1314"]
[Site "Bayern"]
[Date "2013.11.10"]
[Round "2.7"]
[White "Herb, Stefan"]
[Black "Gavor, Franz"]
[Result "1/2-1/2"]
[WhiteElo "2133"]
[BlackElo "2141"]
[PlyCount "51"]
[EventDate "2013.10.13"]
[EventType "team-tourn"]
[EventRounds "9"]
[EventCountry "GER"]
[SourceTitle "EXT 2015"]
[Source "ChessBase"]
[SourceDate "2014.11.20"]
[SourceVersion "1"]
[SourceVersionDate "2014.11.20"]
[SourceQuality "1"]
[WhiteTeam "Haunstetten"]
[BlackTeam "Weilheim"]
[WhiteTeamCountry "GER"]
[BlackTeamCountry "GER"]

1. e4 Nf6 2. e5 Nd5 3. d4 d6 4. Nf3 Nc6 5. c4 Nb6 6. exd6 cxd6 7. d5 Ne5 8. Nd4 e6 9. f4 Ng6 10. dxe6 fxe6 11. Bd3 e5 12. Nb5 Be7 13. Qh5 0-0 14. f5 Nf4 15. Bxf4 exf4 16. f6 Rxf6 17. Bxh7+ Kf8 18. Bg6 Re6+ 19. Kf2 Bh4+ 20. g3 fxg3+ 21. Kg2 Bf6 22. Rf1 Bd7 23. Qh8+ Ke7 24. Qxg7+ Bxg7 25. Rf7+ Ke8 26. Rf6+ 1/2-1/2

[Event "Landesliga Sued 1213"]
[Site "Bayern"]
[Date "2012.11.25"]
[Round "3.4"]
[White "Hoefelsauer, Thomas"]
[Black "Herb, Stefan"]
[Result "1-0"]
[WhiteElo "2285"]
[BlackElo "1986"]
[PlyCount "95"]
[EventDate "2012.10.14"]
[EventType "team-tourn"]
[EventRounds "9"]
[EventCountry "GER"]
[SourceTitle "EXT 2015"]
[Source "ChessBase"]
[SourceDate "2014.11.20"]
[SourceVersion "1"]
[SourceVersionDate "2014.11.20"]
[SourceQuality "1"]
[WhiteTeam "Muenchen Suedost"]
[BlackTeam "Haunstetten"]
[WhiteTeamCountry "GER"]
[BlackTeamCountry "GER"]

1. d4 Nf6 2. c4 g6 3. g3 Bg7 4. Bg2 0-0 5. Nf3 d6 6. Nc3 Nbd7 7. 0-0 e5 8. e4 c6 9. h3 Qa5 10. Be3 Nb6 11. Qd3 exd4 12. Nxd4 Qa6 13. b3 d5 14. exd5 cxd5 15. Ncb5 dxc4 16. bxc4 Qa4 17. Rac1 Rd8 18. Qb3 Bd7 19. Qxa4 Nxa4 20. Bxb7 Bxh3 21. Bxa8 Bxf1 22. Bf3 Bd3 23. Nc6 Re8 24. Nc7 Rf8 25. Nxa7 Ne4 26. Nab5 Be5 27. Bd4 Nd2 28. Bd5 Bxd4 29. Nxd4 Nb6 30. c5 Nxd5 31. Nxd5 Rd8 32. Nc6 Ra8 33. Ne5 Be4 34. Nf6+ Kg7 35. Nxe4 Nxe4 36. c6 Rc8 37. Kg2 Nf6 38. Kf3 Rc7 39. Ke3 Nd5+ 40. Kd4 Ne7 41. Kc5 f6 42. Kd6 Ra7 43. c7 Nc8+ 44. Kd7 Nb6+ 45. Kc6 Nc8 46. Nc4 Rxa2 47. Kb7 Ne7 48. Re1 1-0

[Event "Landesliga Sued 1213"]
[Site "Bayern"]
[Date "2012.11.11"]
[Round "2.6"]
[White "Herb, Stefan"]
[Black "Beckers, Thomas"]
[Result "0-1"]
[WhiteElo "1986"]
[BlackElo "2022"]
[PlyCount "90"]
[EventDate "2012.10.14"]
[EventType "team-tourn"]
[EventRounds "9"]
[EventCountry "GER"]
[SourceTitle "EXT 2015"]
[Source "ChessBase"]
[SourceDate "2014.11.20"]
[SourceVersion "1"]
[SourceVersionDate "2014.11.20"]
[SourceQuality "1"]
[WhiteTeam "Haunstetten"]
[BlackTeam "Muenchen Tarrasch II"]
[WhiteTeamCountry "GER"]
[BlackTeamCountry "GER"]

1. e4 c5 2. Nf3 d6 3. Bb5+ Bd7 4. Bxd7+ Qxd7 5. c4 g6 6. 0-0 Bg7 7. Nc3 Nc6 8. d3 Nf6 9. Bg5 0-0 10. Qd2 Ng4 11. h3 Nge5 12. Nh2 Nd4 13. Nd5 Nec6 14. Ng4 f6 15. Bh6 Ne5 16. Nxe5 dxe5 17. Bxg7 Kxg7 18. f4 e6 19. Nc3 Nc6 20. Kh1 b6 21. Rad1 Rad8 22. Qf2 exf4 23. Qxf4 Ne5 24. Qg3 a6 25. Ne2 Qd6 26. Nf4 Kh8 27. b3 g5 28. Nh5 Nxd3 29. e5 Qd4 30. Nxf6 Nf2+ 31. Rxf2 Qxd1+ 32. Kh2 Qe1 33. h4 Rd1 34. Kh3 Qh1+ 35. Kg4 h6 36. Kh5 Rd4 37. Kg6 Rxh4 38. Qd3 Rd4 39. Qc2 Qh4 40. g4 Qg3 41. Ne4 Rxf2 42. Nxf2 Qxe5 43. Kxh6 Qg7+ 44. Kh5 Rf4 45. Nh3 Rf6 0-1

[Event "Landesliga Sued 1011"]
[Site "Bayern"]
[Date "2011.01.16"]
[Round "5.4"]
[White "Herb, Stefan"]
[Black "Geberl, Hans Walter"]
[Result "0-1"]
[WhiteElo "2042"]
[BlackElo "2130"]
[PlyCount "76"]
[EventDate "2010.10.10"]
[EventType "team-tourn"]
[EventRounds "9"]
[EventCountry "GER"]
[SourceTitle "EXT 2012"]
[Source "ChessBase"]
[SourceDate "2011.11.24"]
[SourceVersion "1"]
[SourceVersionDate "2011.11.24"]
[SourceQuality "1"]
[WhiteTeam "Haunstetten"]
[BlackTeam "Ingolstadt"]
[WhiteTeamCountry "GER"]
[BlackTeamCountry "GER"]

1. Nf3 Nf6 2. c4 c5 3. g3 b6 4. Bg2 Bb7 5. 0-0 g6 6. Nc3 Bg7 7. Re1 0-0 8. e4 Nc6 9. a3 d6 10. Rb1 Nd7 11. b4 Nde5 12. Nxe5 Nxe5 13. Qe2 cxb4 14. axb4 Rc8 15. Bh3 e6 16. f4 Nxc4 17. Nb5 d5 18. d3 Nd6 19. Nxd6 Bd4+ 20. Be3 Bxe3+ 21. Qxe3 Qxd6 22. Qd4 Rc2 23. e5 Qc7 24. f5 exf5 25. Ra1 Bc8 26. Rf1 Re8 27. Rae1 Be6 28. g4 fxg4 29. Bxg4 Bxg4 30. Qxg4 Rxe5 31. Qh4 Rxe1 32. Rxe1 Rc1 33. Kf2 Rxe1 34. Kxe1 Qe5+ 35. Kd2 Kg7 36. Qd8 Qxh2+ 37. Kc3 Qe5+ 38. Kb3 Qd4 0-1

[Event "Munich op"]
[Site "Munich"]
[Date "2010.10.03"]
[Round "9"]
[White "Herb, Stefan"]
[Black "Hoefelsauer, Thomas"]
[Result "0-1"]
[WhiteElo "2124"]
[BlackElo "2186"]
[PlyCount "84"]
[EventDate "2010.09.25"]
[EventType "swiss"]
[EventRounds "9"]
[EventCountry "GER"]
[SourceTitle "CBM 138 Extra"]
[Source "ChessBase"]
[SourceDate "2010.10.29"]
[SourceVersion "1"]
[SourceVersionDate "2010.10.29"]
[SourceQuality "1"]

1. e4 c6 2. d4 d5 3. exd5 cxd5 4. Bd3 Nc6 5. c3 Nf6 6. Bf4 Bg4 7. Qb3 Qd7 8. Nd2 e6 9. Ngf3 Bd6 10. Bg3 0-0 11. 0-0 Bh5 12. Rae1 Bg6 13. Bxg6 hxg6 14. Bxd6 Qxd6 15. Ne5 Rab8 16. Qd1 b5 17. b4 Ne7 18. Re3 Rfc8 19. Qf3 Qa6 20. Nb3 Nf5 21. Re2 Ne4 22. Nc5 Qa3 23. g4 Nfd6 24. Rc2 a5 25. Rb1 axb4 26. Rb3 Qa7 27. cxb4 Nc4 28. Nxc4 bxc4 29. Ra3 Qe7 30. Nxe4 dxe4 31. Qxe4 Rxb4 32. Rac3 Qd6 33. f3 Qd5 34. Kf2 Rb1 35. Kg3 Rd1 36. Qe2 Rxd4 37. a4 e5 38. a5 e4 39. fxe4 Rxe4 40. Qf3 Rce8 41. Rf2 f6 42. Ra3 Qd4 0-1

[Event "Landesliga Sued 0910"]
[Site "Bayern"]
[Date "2010.03.21"]
[Round "8.4"]
[White "Krklec, Daniel"]
[Black "Herb, Stefan"]
[Result "1-0"]
[WhiteElo "2178"]
[BlackElo "2030"]
[PlyCount "67"]
[EventDate "2009.10.18"]
[EventType "team-tourn"]
[EventRounds "9"]
[EventCountry "GER"]
[SourceTitle "EXT 2011"]
[Source "ChessBase"]
[SourceDate "2010.11.26"]
[SourceVersion "1"]
[SourceVersionDate "2010.11.26"]
[SourceQuality "1"]
[WhiteTeam "Muenchen Zugzwang"]
[BlackTeam "Haunstetten"]
[WhiteTeamCountry "GER"]
[BlackTeamCountry "GER"]

1. e4 Nf6 2. Nc3 d5 3. e5 Nfd7 4. e6 fxe6 5. d4 c5 6. Nf3 Nc6 7. Bb5 cxd4 8. Nxd4 Nxd4 9. Qxd4 Qb6 10. Qxb6 axb6 11. Be3 Kf7 12. Bxd7 Bxd7 13. Bxb6 g6 14. Bd4 Bg7 15. Bxg7 Kxg7 16. 0-0-0 Rhf8 17. f3 Rfc8 18. Rhe1 Ra6 19. Nxd5 Rxa2 20. Nb6 Ra1+ 21. Kd2 Rxd1+ 22. Rxd1 Rc7 23. c4 g5 24. Ke3 Be8 25. Rd8 Rc6 26. c5 Bg6 27. b4 e5 28. Rd7 Re6 29. g3 e4 30. f4 gxf4+ 31. gxf4 Be8 32. Rxb7 Bc6 33. Rc7 Kf8 34. Nd7+ 1-0

[Event "Landesliga Sued 0910"]
[Site "Bayern"]
[Date "2009.11.29"]
[Round "3.5"]
[White "Schneider, Roland"]
[Black "Herb, Stefan"]
[Result "1-0"]
[WhiteElo "2013"]
[BlackElo "2030"]
[PlyCount "63"]
[EventDate "2009.10.18"]
[EventType "team-tourn"]
[EventRounds "9"]
[EventCountry "GER"]
[SourceTitle "EXT 2011"]
[Source "ChessBase"]
[SourceDate "2010.11.26"]
[SourceVersion "1"]
[SourceVersionDate "2010.11.26"]
[SourceQuality "1"]
[WhiteTeam "Passau II"]
[BlackTeam "Haunstetten"]
[WhiteTeamCountry "GER"]
[BlackTeamCountry "GER"]

1. e4 c5 2. Nf3 e6 3. d4 cxd4 4. Nxd4 Qb6 5. Nc3 Bc5 6. Na4 Qa5+ 7. c3 Bxd4 8. Qxd4 e5 9. Qd1 Nf6 10. Bd3 d6 11. b4 Qc7 12. 0-0 0-0 13. Bg5 Nbd7 14. c4 h6 15. Be3 Re8 16. Nc3 b6 17. f3 a6 18. Qd2 Bb7 19. Rac1 Rec8 20. Rfd1 Nf8 21. Bf1 Ne8 22. Na4 Nd7 23. Qf2 a5 24. Nxb6 axb4 25. Nxa8 Bxa8 26. c5 Nxc5 27. Bxc5 dxc5 28. Ba6 Rd8 29. Rxd8 Qxd8 30. Qxc5 Qd2 31. Rf1 Qxa2 32. Qc8 1-0